Erik Vogler : (Record no. 14816)

000 -CABECERA
fixed length control field 00794nam a22002177a 4500
003 - IDENTIFICADOR DEL NÚMERO DE CONTROL
control field AR-CdUCM
008 - DATOS DE LONGITUD FIJA--INFORMACIÓN GENERAL
fixed length control field 190422b ||||| |||| 00| 0 spa d
020 ## - NÚMERO INTERNACIONAL ESTÁNDAR DEL LIBRO
ISBN 978-84-683-1284-2
040 ## - FUENTE DE LA CATALOGACIÓN
Agencia/entidad que catalogó originalmente la obra MUNICIPALIDAD PROVINCIAL DEL CUSCO
Entidad que transcribió la catalogación BIBLIOTECA MUNICIPAL DEL CUSCO
082 ## - NÚMERO DE LA CLASIFICACIÓN DECIMAL DEWEY
No. de Clasificación ES / 803 /
Notacion interna O21
100 ## - ENTRADA PRINCIPAL--NOMBRE DE PERSONA
Nombre Personal Osés, Beatriz
245 ## - MENCIÓN DE TÍTULO
Título Erik Vogler :
Resto del título Y los crímenes del rey blanco /
260 ## - PUBLICACIÓN, DISTRIBUCIÓN, ETC.
Lugar de publicación, distribución, etc. Barcelona :
Nombre de la editorial, distribuidor, etc. Edebé,
Fecha de publicación, distribución, etc. 2014.
300 ## - DESCRIPCIÓN FÍSICA
Nº de Páginas Extensión 143 páginas ;
Otros detalles físicos Ilustraciones,
Dimensiones 22 cm.
440 ## - MENCIÓN DE SERIE/PUNTO DE ACCESO ADICIONAL--TÍTULO
Título Book & look
Número de la parte/sección de una obra 1
9 (RLIN) 33726
505 ## - NOTA DE CONTENIDO CON FORMATO
Nota de contenido formateada Contenido: El billete equivocado -- Lejos de Nueva York -- En el balcón -- La fotografía del periódico -- Un fantasma en los talones ...
650 ## - PUNTO DE ACCESO ADICIONAL DE MATERIA--TÉRMINO DE MATERIA
Descriptor Literatura Juvenil
9 (RLIN) 1580
942 ## - ELEMENTOS DE PUNTO DE ACCESO ADICIONAL (KOHA)
Fuente de clasificación
Tipo de item Libros-BMC
945 ## - PROCESAMIENTO DE INFORMACIÓN LOCAL (OCLC)
Catalogador cmm
AAAA-MM-DD - Fecha de ingreso o modificacion 2019-04-24
Holdings
Estado de retiro (separado) Fuente de clasificación o esquema de estanterías Estado dañado Ubicación Sala donde se ubica Nombre de la colección Fecha de adquisición o compra Costo, precio normal en soles Signatura topográfica Código de Barras Última vez visto (Koha) Tipo de ítem (Koha)
No     Sala de Infantes Sala de Infantes Children's Area 2019-04-24 20.00 ES / 803 / O21 SI00002890 2019-04-24 Libros-BMC

Powered by Koha